000 00729nam a2200205Ia 4500
003 GCL
008 140319s9999 xx 000 0 ara d
040 _aGCL /
_cGCL
082 0 4 _a621.38
_bا ك
100 1 _aفاروق محمد العامرى
245 1 0 _aكاسيت وراديو السيارة: هندسة وصيانة واصلاح الاعطال /
_cفاروق محمد العامرى
700 1 _aامين فهمى
260 _a[S.N] :
_bدار الراتب الجامعية
300 _a121 ص
490 _aموسوعة عالم الالكترونيات
_v0
650 0 4 _aالهندسة الالكترونية
650 0 4 _aالكاسيت
650 0 4 _aالصناعات الكهربائية
942 _2ddc
_cBK
999 _c46108
_d46108